000 01067nam a22002057a 4500
003 OSt
005 20160620110110.0
008 150409b2011 slv spa
040 _cBMC
082 _a004.21
100 1 _934699
_aCruz Müller, Carolina de Jesús
245 1 _aDesarrollo de un sistema informático para control de compras de fondos circulantes de monto fijo (FCMF) - almacén regional Santa Ana - Corte Suprema de Justicia
_b: Informe final del proyecto
_cCarolina de Jesús Cruz Müller
260 _aSanta Ana (El Salvador)
_bUniversidad Católica de El Salvador
_c2011
300 _a1 v. (pág. var.)
_bil. col.
_c28 cm
_e+ 1 disco compacto
500 _aPrecede al tít.: Universidad Católica de El Salvador, Facultad de Ciencias Empresariales
502 _aTrabajo de graduación para optar al grado académico de Licenciado en Sistemas Informáticos Administrativos
650 2 4 _91736
_aAdministración de sistemas de información
710 2 _91067
_aUniversidad Católica de El Salvador
_bFacultad de Ciencias Empresariales
942 _2ddc
_cTG
999 _c21192
_d21192